000
00319nam a22001457a 4500
003
SGT
082
_a
611
_b
S93S
100
_a
SAINI, GOPAL KRISHNA
245
_a
SHARIRA RACHNA PUSTIKA
260
_a
DELHI
_b
NATH PUSTAK
_c
1993
300
_a
424
650
_a
RACHNA SHARIRA
653
_a
RACHNA SHARIRA
942
_2
ddc
_c
BK
999
_c
8272
_d
8272